1501 1884 1927 1620 1061 1476 1402 1020 1140 1325 1019 1169 1102 1418 1443 1553 1370 1950 1509 1546 1882 1301 1221 1876 1181 1808 1827 1936 1743 1319 1004 1130 1308 1672 1649 1387 1240 1814 1010 1825 1889 1392 1609 1645 1683 1537 1837 1061 1748 1962 1953 1926 1037 1656 1428 1239 1111 1033 1961 1072 1643 1330 1277 1624 1126 1420 1935 1271 1085 1019 1407 1832 1892 1239 1543 1495 1921 1665 1217 1221 1874 1422 1988 1780 1620 1587 1058 1545 1282 1802 1095 1011 1123 1213 1965 1684 1075 1646 1800 BCNSPRNW ULIB Ver.6.0+V

เปลี่ยนเป็นภาษาไทย

Change to English
 แสดงรายละเอียดบรรณานุกรม
  กลับหน้าหลัก

Brief Record : Get Marc (ISO 2709) : E-mail record : QR code < ปิดหน้าต่าง
LEADER : 00000nam 2200000uu 4500
001    13399110539
003     ULIB
008    110602s2550||||th 000 0 tha d
020    9789749897942
060 04 WQ100^bส736ร 2550
245 00 เรื่อง(ไม่)ลับของคุณผู้หญิง /^cคณะแพทยศาสตร์จุฬาลงกรณ์มหาวิทยาลัย ; บรรณาธิการ, สุกัญญา ชัยกิตติศิลป์ ... [และคนอื่นๆ]
246 30 เรื่อง(ไม่)ลับ...ของคุณผู้หญิง
246 30 เรื่อง(ไม่)ลับของคุณผู้หญิง
250    พิมพ์ครั้งที่ 1
260    กรุงเทพฯ :^bสรรพสาร,^c2550
300    88 หน้า :^bภาพประกอบ ;^c21 ซม.
440  0 ความรู้ทางการแพทย์สู่ประชาชน
650  7 สตรี^xสุขภาพและอนามัย
700 0  สุกัญญา ชัยกิตติศิลป์,^eบรรณาธิการ
710 2  จุฬาลงกรณ์มหาวิทยาลัย. ^bคณะแพทยศาสตร์
945    ^p90^l0^i026462
995    ทศพร
999 ^a ใช้งานได้ทุกระบบ
รายการนี้ยังไม่มีแท็ก
คุณยังไม่ได้ล็อกอิน คุณสามารถมีกิจกรรมร่วมกับเว็บไซต์ได้ แต่ต้องล็อกอินก่อน ::
  ล็อกอิน

รายการสื่อสารสนเทศ

ลำดับที่ ประเภท เลขเรียก/บาร์โค้ด สถานที่ สถานะ
- ไม่พบข้อมูล -

BibComment


ยังไม่เคยถูกคอมเมนท์

คอมเมนท์ทรัพยากรรายการนี้
  คอมเมนท์: เรื่องไม่ลับของคุ..


 Copyright 2026. Bcnsprnw @Library